| 000 | 00354pam a2200157a 44500 | ||
|---|---|---|---|
| 008 | 230515b1997 xxu||||| |||| 00| 0 eng d | ||
| 020 | _aNULL | ||
| 041 | _aENGL | ||
| 082 | _a. / FRU | ||
| 100 | _aFRUCHTBAUM J. | ||
| 245 | _aBULK MATERIALS HANDLING HANDBOOK | ||
| 250 | _aN.D. | ||
| 260 |
_aNULL _bC.B.S _c1997 |
||
| 300 | _a488 PB | ||
| 650 | _aNULL | ||
| 999 |
_c631760 _d631760 |
||